Struktura plac

Gespeichert in:
Bibliographische Detailangaben
Format: Buch
Sprache:Polnisch
Veröffentlicht: Lódz Uniwersytet 1986
Ausgabe:1. wyd.
Schriftenreihe:Acta Universitatis Lodziensis 62
Tags: Tag hinzufügen
Keine Tags, Fügen Sie das erste Tag hinzu!

MARC

LEADER 00000nam a2200000 4500
001 c028643
005 20250630075135.3
041 0 |a pol 
044 |a PL 
245 1 0 |a Struktura plac 
250 |a 1. wyd. 
264 1 |a Lódz  |b Uniwersytet  |c 1986 
300 |a 96 s. 
490 1 |a Acta Universitatis Lodziensis  |v 62 
830 0 |a Acta Universitatis Lodziensis  |v 62